[Event "Olympiad Women-44"]
[Site "Chennai"]
[Date "2022.08.09"]
[Round "11.1"]
[White "Mazariegos, Silvia Carolina"]
[Black "Ben Said, Safa"]
[Result "1-0"]
[WhiteElo "1851"]
[BlackElo "1564"]
[PlyCount "103"]
[EventDate "2022.07.29"]
[EventType "team-swiss"]
[EventRounds "11"]
[EventCountry "IND"]
[SourceTitle "CBM 210"]
[Source "ChessBase"]
[SourceDate "2022.10.31"]
[SourceVersion "1"]
[SourceVersionDate "2022.10.31"]
[SourceQuality "1"]
[WhiteTeam "Guatemala (W)"]
[BlackTeam "Tunisia (W)"]
[WhiteTeamCountry "GUA"]
[BlackTeamCountry "TUN"]

1. d4 Nf6 2. Bf4 d5 3. e3 c5 4. c3 Qb6 5. Qc2 Nc6 6. Nd2 e6 7. Ngf3 Bd7 8. h3 Rc8 9. Rc1 Na5 10. Qb1 cxd4 11. exd4 Bb5 12. g4 Bxf1 13. Kxf1 Qa6+ 14. Kg2 Nc4 15. Rhe1 Bd6 16. Bxd6 Qxd6 17. Nxc4 Rxc4 18. Ne5 Rc7 19. Re2 0-0 20. Rce1 Ne4 21. f3 f6 22. fxe4 fxe5 23. dxe5 Qxe5 24. exd5 Qxd5+ 25. Qe4 Qxa2 26. Qxe6+ Qxe6 27. Rxe6 Rd8 28. Re8+ Rxe8 29. Rxe8+ Kf7 30. Rd8 Ke6 31. Rh8 h6 32. Ra8 b6 33. h4 Ke5 34. Rf8 Ke4 35. Kg3 Rd7 36. g5 hxg5 37. hxg5 Rd2 38. b4 a5 39. bxa5 bxa5 40. Kg4 Rg2+ 41. Kh5 a4 42. Ra8 Kd3 43. Rxa4 Kxc3 44. Kg6 Kd3 45. Ra5 Ke4 46. Kxg7 Rg1 47. g6 Rh1 48. Kg8 Rg1 49. g7 Rb1 50. Rh5 Kf4 51. Kh8 Kg4 52. Rh7 1-0

[Event "Olympiad Women-44"]
[Site "Chennai"]
[Date "2022.08.07"]
[Round "9.1"]
[White "Al Maamari, Wafia Darwish"]
[Black "Ben Said, Safa"]
[Result "0-1"]
[WhiteElo "1841"]
[BlackElo "1564"]
[PlyCount "144"]
[EventDate "2022.07.29"]
[EventType "team-swiss"]
[EventRounds "11"]
[EventCountry "IND"]
[SourceTitle "CBM 210"]
[Source "ChessBase"]
[SourceDate "2022.10.31"]
[SourceVersion "1"]
[SourceVersionDate "2022.10.31"]
[SourceQuality "1"]
[WhiteTeam "United Arab Emirates (W)"]
[BlackTeam "Tunisia (W)"]
[WhiteTeamCountry "UAE"]
[BlackTeamCountry "TUN"]

1. e4 e5 2. Nf3 Nc6 3. Bb5 Nge7 4. Nc3 d6 5. d4 exd4 6. Nxd4 a6 7. Be2 Nxd4 8. Qxd4 Nc6 9. Qd1 Be7 10. Be3 Be6 11. Nd5 0-0 12. 0-0 f5 13. Nf4 Qd7 14. b3 Bf7 15. exf5 Qxf5 16. Bg4 Qe5 17. Re1 Bf6 18. Rb1 Rae8 19. Bd7 Re7 20. Bd2 Qc5 21. Rxe7 Nxe7 22. Be3 Qe5 23. Nd3 Qa5 24. a4 c6 25. c4 Qc7 26. Bg4 Ng6 27. Nf4 Re8 28. Nh5 Qe7 29. Nxf6+ Qxf6 30. Bd4 Ne5 31. Rb2 Qg5 32. Be2 Bg6 33. Be3 Qf6 34. Rd2 Rd8 35. h3 Nf7 36. a5 Re8 37. Bd4 Qf5 38. Bc3 Ng5 39. Rxd6 Ne4 40. Rxg6 Qxf2+ 41. Kh2 hxg6 42. Be1 Qf4+ 43. g3 Qe3 44. Bf1 Nf2 45. Bxf2 Qxf2+ 46. Bg2 Re1 47. Qd8+ Kf7 48. Qd7+ Re7 49. Qg4 Qf5 50. Qd1 Qxa5 51. h4 Qe1 52. Qf3+ Kg8 53. Qg4 Qe2 54. Qxg6 Qb2 55. Kh3 Qf6 56. Qd3 Qe6+ 57. Kh2 Qe3 58. Qd8+ Re8 59. Qd7 Qe7 60. Qf5 Rf8 61. Qg6 Rf2 62. Qg4 Qe2 63. Qh3 Qc2 64. g4 a5 65. g5 Qf5 66. Qc3 Qf4+ 67. Kg1 Re2 68. Qh3 Qe3+ 69. Kh1 Qxh3+ 70. Bxh3 Re3 71. Bc8 Rxb3 72. c5 Kf8 0-1

[Event "Francophonie-chT Rapid"]
[Site "Tornelo INT"]
[Date "2022.06.04"]
[Round "5.1"]
[White "Ben Said, Safa"]
[Black "Ouellet, Maili Jade"]
[Result "0-1"]
[WhiteElo "1564"]
[BlackElo "2212"]
[PlyCount "104"]
[EventDate "2022.06.04"]
[EventType "team-swiss (rapid)"]
[EventRounds "11"]
[EventCountry "FRA"]
[SourceTitle "CBM 208 Extra"]
[Source "ChessBase"]
[SourceDate "2022.07.31"]
[SourceVersion "1"]
[SourceVersionDate "2022.07.31"]
[SourceQuality "1"]
[WhiteTeam "Tunisia"]
[BlackTeam "Quebec"]
[WhiteTeamCountry "TUN"]
[BlackTeamCountry "CAN"]

1. e4 c5 2. Nf3 d6 3. d4 cxd4 4. Nxd4 Nf6 5. Nc3 a6 6. Be2 e6 7. Be3 b5 8. a3 Bb7 9. Bf3 Qc7 10. 0-0 Nbd7 11. Qd2 Be7 12. Rad1 0-0 13. Nde2 Nc5 14. Ng3 Rac8 15. Qe2 Rfd8 16. Rfe1 Bc6 17. e5 Bxf3 18. Qxf3 dxe5 19. Bg5 Rd4 20. Nh5 Nxh5 21. Bxe7 Qxe7 22. Qxh5 Nd7 23. Re3 g6 24. Qe2 Qc5 25. Red3 Nf6 26. Qf3 Kg7 27. Rxd4 exd4 28. Qxf6+ Kxf6 29. Ne4+ Ke5 30. Nxc5 Rxc5 31. Rd2 Kd5 32. Kf1 e5 33. f3 f5 34. c3 Kc4 35. cxd4 exd4 36. Rc2+ Kd5 37. Rd2 Rc8 38. Ke2 Re8+ 39. Kd3 Re3+ 40. Kc2 Kc4 41. Rf2 d3+ 42. Kd2 Re2+ 43. Rxe2 dxe2 44. Kxe2 Kb3 45. h4 Kxb2 46. g4 fxg4 47. fxg4 Kxa3 48. Kf3 b4 49. Kf4 b3 50. Kg5 b2 51. Kh6 b1Q 52. Kxh7 g5+ 0-1

[Event "TUN-ch (Women)"]
[Site "Hammamet"]
[Date "2022.05.08"]
[Round "4"]
[White "Meddeb, Chadha"]
[Black "Ben Said, Safa"]
[Result "1/2-1/2"]
[WhiteElo "1585"]
[BlackElo "1585"]
[PlyCount "43"]
[EventDate "2022.05.07"]
[EventType "swiss"]
[EventRounds "7"]
[EventCountry "TUN"]
[SourceTitle "CBM 208 Extra"]
[Source "ChessBase"]
[SourceDate "2022.07.31"]
[SourceVersion "1"]
[SourceVersionDate "2022.07.31"]
[SourceQuality "1"]

1. e4 e5 2. Nf3 Nc6 3. d4 exd4 4. Nxd4 Bc5 5. Be3 Qf6 6. c3 Nge7 7. Bc4 Bb6 8. 0-0 0-0 9. Na3 a6 10. Nxc6 Qxc6 11. Bxb6 Qxb6 12. Bb3 Qf6 13. f4 d6 14. Qf3 Nc6 15. Rad1 Be6 16. Bd5 Bxd5 17. exd5 Ne7 18. Nc2 Nf5 19. Nd4 Nxd4 20. Rxd4 Rfe8 21. Re4 Rxe4 22. Qxe4 1/2-1/2

[Event "Arab-ch (Women)"]
[Site "Abu Dhabi"]
[Date "2021.12.01"]
[Round "8"]
[White "Ben Said, Safa"]
[Black "Miladi, Amen"]
[Result "1/2-1/2"]
[WhiteElo "1577"]
[BlackElo "1575"]
[PlyCount "41"]
[EventDate "2021.11.26"]
[EventType "swiss"]
[EventRounds "9"]
[EventCountry "UAE"]
[SourceTitle "CBM 205 Extra"]
[Source "ChessBase"]
[SourceDate "2022.01.31"]
[SourceVersion "1"]
[SourceVersionDate "2022.01.31"]
[SourceQuality "1"]

1. e4 c5 2. Nf3 e6 3. d4 cxd4 4. Nxd4 a6 5. Nc3 Qc7 6. Bd3 Nf6 7. 0-0 b5 8. a3 Bb7 9. Be3 Be7 10. Kh1 0-0 11. Qe2 Nc6 12. Nxc6 Bxc6 13. Bg5 d6 14. f4 h6 15. Bh4 Rfe8 16. e5 Nd7 17. Bxe7 Rxe7 18. exd6 Qxd6 19. Be4 Nf6 20. Bxc6 Qxc6 21. Rad1 1/2-1/2

[Event "TUN-ch (Women)"]
[Site "Kelibia"]
[Date "2021.11.05"]
[Round "6"]
[White "Ben Said, Safa"]
[Black "Bettaieb, Salma"]
[Result "1-0"]
[WhiteElo "1577"]
[BlackElo "1251"]
[PlyCount "67"]
[EventDate "2021.11.03"]
[EventType "swiss"]
[EventRounds "9"]
[EventCountry "TUN"]
[SourceTitle "EXT 2023"]
[Source "ChessBase"]
[SourceDate "2022.10.05"]
[SourceVersion "1"]
[SourceVersionDate "2022.10.05"]
[SourceQuality "1"]

1. e4 e5 2. Bc4 Bc5 3. d3 Nc6 4. Nf3 Nf6 5. Be3 Bb6 6. h3 h6 7. c3 0-0 8. Bb3 d5 9. Qe2 dxe4 10. dxe4 Qd6 11. Nbd2 Be6 12. Nc4 Bxc4 13. Bxc4 Bxe3 14. Qxe3 Rad8 15. 0-0 Na5 16. Be2 Qb6 17. Qxb6 axb6 18. Nxe5 Nxe4 19. Rfd1 Rde8 20. Nd7 Nxc3 21. bxc3 Rxe2 22. Nxf8 Kxf8 23. Rd7 c6 24. Kf1 Re7 25. Rd4 b5 26. a4 Nb3 27. Rd8+ Re8 28. Rxe8+ Kxe8 29. Re1+ Kd7 30. axb5 c5 31. Ke2 Kd6 32. Kd3 Na5 33. Re8 Kd7 34. Ra8 1-0

[Event "TUN-ch (Women)"]
[Site "Kelibia"]
[Date "2021.11.04"]
[Round "3"]
[White "Chbil, Chaima"]
[Black "Ben Said, Safa"]
[Result "1-0"]
[WhiteElo "1260"]
[BlackElo "1577"]
[PlyCount "79"]
[EventDate "2021.11.03"]
[EventType "swiss"]
[EventRounds "9"]
[EventCountry "TUN"]
[SourceTitle "EXT 2023"]
[Source "ChessBase"]
[SourceDate "2022.10.05"]
[SourceVersion "1"]
[SourceVersionDate "2022.10.05"]
[SourceQuality "1"]

1. e4 d5 2. b3 dxe4 3. Bb2 Bf5 4. f3 e6 5. Qe2 c6 6. d3 exd3 7. cxd3 Bb4+ 8. Nd2 Nf6 9. a3 Bc5 10. Ne4 Bd4 11. Bxd4 Qxd4 12. Rc1 Bxe4 13. fxe4 Nbd7 14. Nf3 Qb6 15. b4 Ng4 16. d4 f6 17. h3 Nh6 18. e5 fxe5 19. Nxe5 Nxe5 20. Qxe5 0-0 21. Bc4 Nf7 22. Qe3 e5 23. 0-0 Qxd4 24. Qxd4 exd4 25. Rcd1 Rad8 26. Rf4 d3 27. Bxd3 Ne5 28. Bc4+ Nxc4 29. Rxd8 Rxd8 30. Rxc4 Kf7 31. Rf4+ Ke6 32. Kf2 Rd5 33. Ke2 Rf5 34. Rh4 h6 35. Kd3 Rg5 36. Re4+ Kd6 37. g4 Re5 38. Rf4 Ke7 39. Kd4 b6 40. Kxe5 1-0

[Event "TUN-ch (Women)"]
[Site "Hammamet"]
[Date "2018.02.18"]
[Round "4"]
[White "Ben Said, Safa"]
[Black "Mrizek, Asma"]
[Result "1/2-1/2"]
[WhiteElo "1621"]
[BlackElo "1306"]
[PlyCount "44"]
[EventDate "2018.02.16"]
[EventType "swiss"]
[EventRounds "9"]
[EventCountry "TUN"]
[SourceTitle "CBM 183 Extra"]
[Source "ChessBase"]
[SourceDate "2018.04.19"]
[SourceVersion "1"]
[SourceVersionDate "2018.04.19"]
[SourceQuality "1"]

1. e4 e5 2. Nf3 Nf6 3. d3 Nc6 4. Bg5 Be7 5. Nbd2 h6 6. Bh4 0-0 7. Be2 d6 8. h3 Nh7 9. Bg3 f5 10. exf5 Bxf5 11. c3 Be6 12. Qc2 Qe8 13. Rd1 Qg6 14. Nf1 Kh8 15. Ne3 Nd8 16. Qa4 Nc6 17. d4 e4 18. d5 exf3 19. Bxf3 Ng5 20. dxc6 Nxf3+ 21. gxf3 b6 22. Ke2 Qf7 1/2-1/2

[Event "Olympiad Women-42"]
[Site "Baku"]
[Date "2016.09.11"]
[Round "9.3"]
[White "Ben Said, Safa"]
[Black "Kalaiyalahan, Akshaya"]
[Result "0-1"]
[WhiteElo "1563"]
[BlackElo "2017"]
[PlyCount "132"]
[EventDate "2016.09.02"]
[EventType "team-swiss"]
[EventRounds "11"]
[EventCountry "AZE"]
[SourceTitle "CBM 174 Extra"]
[Source "ChessBase"]
[SourceDate "2016.10.10"]
[SourceVersion "1"]
[SourceVersionDate "2016.10.10"]
[SourceQuality "1"]
[WhiteTeam "Tunisia (W)"]
[BlackTeam "England (W)"]
[WhiteTeamCountry "TUN"]
[BlackTeamCountry "ENG"]

1. e4 c5 2. Nf3 e6 3. d3 Nc6 4. Nbd2 d6 5. g3 Nf6 6. Bg2 Be7 7. 0-0 0-0 8. Re1 Bd7 9. Nf1 Qc7 10. Bf4 Ne5 11. Bxe5 dxe5 12. Ne3 Bc6 13. Nc4 Nd7 14. Qd2 b6 15. Qc3 b5 16. Ne3 Bd6 17. Qd2 Rae8 18. a4 a6 19. axb5 axb5 20. Qa5 Qb8 21. Qa6 Qc7 22. Qa5 Nb6 23. Ng4 f6 24. Qd2 f5 25. Ne3 Qb7 26. Qe2 Re7 27. Bh3 g6 28. Nd1 h6 29. Nh4 Rg7 30. Bg2 g5 31. Nf3 g4 32. Nd2 f4 33. Bf1 h5 34. h4 gxh3 35. Bxh3 Rf6 36. Nf1 Be8 37. Kh2 Qf7 38. f3 fxg3+ 39. Kg2 Qf8 40. Nd2 h4 41. Ne3 Bh5 42. Rf1 Na4 43. c4 Qe8 44. Qd1 Nxb2 45. Qc2 Na4 46. cxb5 Nb6 47. Ra6 Qxb5 48. Qa2 Bc7 49. Bxe6+ Rxe6 50. Qxe6+ Bf7 51. Rxb6 Bxb6 52. Qc8+ Kh7 53. Nec4 Ba5 54. Rb1 Bb4 55. Qf5+ Bg6 56. Qxe5 Qd7 57. Rh1 Qd8 58. Qf4 Kg8 59. Qxh4 Qd4 60. Rf1 Bxd2 61. Nxd2 Qxd3 62. Qf4 Qe2+ 63. Kxg3 Be8+ 64. Kh4 Rh7+ 65. Kg4 Qg2+ 66. Qg3 Rg7+ 0-1

[Event "Olympiad Women-42"]
[Site "Baku"]
[Date "2016.09.09"]
[Round "7.3"]
[White "Ben Said, Safa"]
[Black "Maina, Purity"]
[Result "1-0"]
[WhiteElo "1563"]
[BlackElo "1528"]
[PlyCount "53"]
[EventDate "2016.09.02"]
[EventType "team-swiss"]
[EventRounds "11"]
[EventCountry "AZE"]
[SourceTitle "CBM 174 Extra"]
[Source "ChessBase"]
[SourceDate "2016.10.10"]
[SourceVersion "1"]
[SourceVersionDate "2016.10.10"]
[SourceQuality "1"]
[WhiteTeam "Tunisia (W)"]
[BlackTeam "Kenya (W)"]
[WhiteTeamCountry "TUN"]
[BlackTeamCountry "KEN"]

1. e4 e5 2. Nf3 Nc6 3. Bc4 Bc5 4. c3 d6 5. Bb3 Bg4 6. d3 Nge7 7. Nbd2 0-0 8. Nf1 Qd7 9. h3 Be6 10. Bc2 Ng6 11. a3 d5 12. Qe2 dxe4 13. dxe4 Nf4 14. Bxf4 exf4 15. Rd1 Qe7 16. N1d2 Rfe8 17. 0-0 a6 18. e5 Bd5 19. Ne4 Bxe4 20. Qxe4 g6 21. Rfe1 Rad8 22. Qxf4 Rxd1 23. Bxd1 Qd7 24. b4 Ba7 25. Bb3 Re7 26. Qh6 Kh8 27. Qf8# 1-0

[Event "Agadir zt 4.1 (Women)"]
[Site "Agadir"]
[Date "2016.05.29"]
[Round "8"]
[White "Makhlouf, Ahlam"]
[Black "Ben Said, Safa"]
[Result "1-0"]
[WhiteElo "1524"]
[BlackElo "1563"]
[PlyCount "36"]
[EventDate "2016.05.24"]
[EventType "swiss"]
[EventRounds "9"]
[EventCountry "MAR"]
[SourceTitle "CBM 172 Extra"]
[Source "ChessBase"]
[SourceDate "2016.06.21"]
[SourceVersion "1"]
[SourceVersionDate "2016.06.21"]
[SourceQuality "1"]

1. e4 e6 2. d4 d5 3. e5 c5 4. c3 Nc6 5. Nf3 cxd4 6. Nxd4 Bd7 7. Be2 Nge7 8. Na3 a6 9. 0-0 Nf5 10. Ndc2 Be7 11. Ne3 Rc8 12. Nxf5 exf5 13. Qb3 Qc7 14. Bf4 Be6 15. Rac1 Qd7 16. Rc2 0-0 17. Rfc1 h6 18. Rd1 Rc7 1-0

[Event "Agadir zt 4.1 (Women)"]
[Site "Agadir"]
[Date "2016.05.25"]
[Round "3"]
[White "Ben Said, Safa"]
[Black "Miladi, Amen"]
[Result "1/2-1/2"]
[WhiteElo "1563"]
[BlackElo "1511"]
[PlyCount "66"]
[EventDate "2016.05.24"]
[EventType "swiss"]
[EventRounds "9"]
[EventCountry "MAR"]
[SourceTitle "CBM 172 Extra"]
[Source "ChessBase"]
[SourceDate "2016.06.21"]
[SourceVersion "1"]
[SourceVersionDate "2016.06.21"]
[SourceQuality "1"]

1. e4 e5 2. Nf3 Nc6 3. Bc4 Bc5 4. Nc3 Nf6 5. 0-0 0-0 6. d3 h6 7. Be3 Bb6 8. Qd2 d6 9. h3 Be6 10. Bb3 Qd7 11. Rfe1 Rfe8 12. Ne2 Rad8 13. Bxb6 axb6 14. c3 Bxb3 15. axb3 d5 16. exd5 Nxd5 17. d4 exd4 18. Nexd4 Nxd4 19. Nxd4 Rxe1+ 20. Rxe1 Re8 21. Rxe8+ Qxe8 22. Qe2 Qxe2 23. Nxe2 c6 24. Kf1 Kf8 25. Ke1 Ke8 26. Kd2 Ke7 27. Kd3 Kd6 28. f3 b5 29. c4 bxc4+ 30. bxc4 Ne7 31. b3 b5 32. cxb5 cxb5 33. b4 Nd5 1/2-1/2

[Event "Hammamet Africa zt 4.1 (Women)"]
[Site "Hammamet"]
[Date "2015.04.01"]
[Round "9"]
[White "Ben Said, Safa"]
[Black "Latreche, Sabrina"]
[Result "0-1"]
[WhiteElo "1637"]
[BlackElo "2042"]
[PlyCount "68"]
[EventDate "2015.03.26"]
[EventType "tourn"]
[EventRounds "9"]
[EventCountry "TUN"]
[SourceTitle "CBM 165 Extra"]
[Source "ChessBase"]
[SourceDate "2015.04.21"]
[SourceVersion "1"]
[SourceVersionDate "2015.04.21"]
[SourceQuality "1"]

1. e4 e5 2. Nf3 Nc6 3. Bc4 Bc5 4. c3 Nf6 5. Ng5 0-0 6. Qb3 Qe7 7. Bxf7+ Rxf7 8. Qxf7+ Qxf7 9. Nxf7 Kxf7 10. f3 d5 11. d3 dxe4 12. dxe4 Be6 13. Nd2 Rd8 14. Ke2 Ne7 15. b4 Bb6 16. Bb2 c5 17. bxc5 Bxc5 18. Rhd1 Bb6 19. a4 Nc6 20. Rac1 Nd7 21. Ba3 Na5 22. Rb1 Nc5 23. Bb4 Ke8 24. Rdc1 Nd3 25. Rc2 Nf4+ 26. Kf1 Nc4 27. Ke1 Nxg2+ 28. Ke2 Nf4+ 29. Ke1 Ne3 30. Rbb2 Nd3+ 31. Ke2 Nxb2 32. Rxb2 Nc4 33. Nxc4 Bxc4+ 34. Ke1 Rd3 0-1

[Event "Hammamet Africa zt 4.1 (Women)"]
[Site "Hammamet"]
[Date "2015.03.31"]
[Round "8"]
[White "Ben Fredj, Mariem"]
[Black "Ben Said, Safa"]
[Result "0-1"]
[WhiteElo "1375"]
[BlackElo "1637"]
[PlyCount "56"]
[EventDate "2015.03.26"]
[EventType "tourn"]
[EventRounds "9"]
[EventCountry "TUN"]
[SourceTitle "CBM 165 Extra"]
[Source "ChessBase"]
[SourceDate "2015.04.21"]
[SourceVersion "1"]
[SourceVersionDate "2015.04.21"]
[SourceQuality "1"]

1. d4 d5 2. c4 dxc4 3. Nf3 Nf6 4. e3 e6 5. Bxc4 a6 6. 0-0 Bd6 7. Nc3 b5 8. Bb3 Bb7 9. a3 Nbd7 10. Re1 c5 11. Bd2 Qc7 12. h3 0-0 13. Rc1 c4 14. Bc2 e5 15. dxe5 Nxe5 16. e4 Rfd8 17. Nxe5 Bxe5 18. Qe2 Re8 19. f3 Nh5 20. Red1 Bh2+ 21. Kf2 Qg3+ 22. Kf1 Qe5 23. Ke1 Rad8 24. Rb1 Bg1 25. Rdc1 Ng3 26. Qd1 Qd4 27. Be3 Qxe3+ 28. Ne2 Qf2# 0-1